Online Catalogue and eLibrary

A Glimmer of Hope (Record no. 5883)

MARC details
000 -LEADER
fixed length control field 00509nam a22001817a 4500
005 - DATE AND TIME OF LATEST TRANSACTION
control field 20240606020241.0
008 - FIXED-LENGTH DATA ELEMENTS--GENERAL INFORMATION
fixed length control field 240606b |||||||| |||| 00| 0 eng d
082 ## - DDC Classification
DDC Edition Number 22
Class No. 342
Item Number - Author Mark Glimmer
245 ## - TITLE STATEMENT
Title A Glimmer of Hope
Remainder of title A new phase in constitutional reforms in Sri Lanka
260 ## - PUBLICATION, DISTRIBUTION, ETC.
Place of publication, distribution, etc. Colombo
Name of publisher, distributor, etc. South Asia Peace Institute
Date of publication, distribution, etc. 2006
300 ## - PHYSICAL DESCRIPTION
Extent (e.g. Volumes, Pages etc.) 199, p .,
650 ## - SUBJECT ADDED ENTRY--TOPICAL TERM
Topical term or geographic name entry element Social
650 ## - SUBJECT ADDED ENTRY--TOPICAL TERM
Topical term or geographic name entry element Economic
650 ## - SUBJECT ADDED ENTRY--TOPICAL TERM
Topical term or geographic name entry element Political
700 ## - ADDED ENTRY--PERSONAL NAME
Personal name Liyanage, Sumanasiri
Relator term (Role) Editor
700 ## - ADDED ENTRY--PERSONAL NAME
Personal name Sinnathamby M.
Relator term (Role) Editor
942 ## - Koha item type (Biblio)
Koha item type Books in Stacks (Lending)
Holdings
Lost status Damaged status Collection code Home library Current library Date acquired Full call number Accession Number Item type
    Lending WERC Library WERC Library 06/06/2024 342 Glimmer 6914 Books in Stacks (Lending)

© WERC Library